000 00601nam a2200205Ii 4500
003 JO-AjNU
008 230605s9999||||xx |||||||||||||| ||und||
040 _aJO-AjNU
_bara
_erda
_cJO-AjNU
041 _aara
050 1 4 _aPJ7840.U623.H34 1989
100 3 _aتأليف جرداق،جورج,
_eauthor
_918356
245 0 0 _aحديث الملاهي
250 _aط1
264 3 1 _aلبنان:جروس برس،1989
300 _a192ص
336 _atext
_btxt
_2rdacontent
337 _aunmediated
_bn
_2rdamedia
338 _avolume
_bnc
_2rdacarrier
650 4 _aالأدب العربي - قصص
_918357
999 _aA5855
_c9423
_d9423